Rahsia hati
| Main Author: | |
|---|---|
| Format: | Book |
| Published: |
Kuala Lumpur :
Penerbit Orkid ,
1996
|
| Series: | Siri antologi cerpen melati
|
| Subjects: |
MARC
| LEADER | 00000cam a2200000 7i4500 | ||
|---|---|---|---|
| 001 | 0000006998 | ||
| 002 | 000007535 | ||
| 005 | 20000330.0 | ||
| 020 | |a 9838911607 | ||
| 090 | 0 | 0 | |a JF |b JAM |
| 100 | 0 | |a Jamilah Alias | |
| 245 | 0 | 0 | |a Rahsia hati |c Jamilah Alias |
| 260 | |a Kuala Lumpur : |b Penerbit Orkid , |c 1996 | ||
| 300 | |a 60p. : |b ill ; |c 18cm. | ||
| 490 | 0 | |a Siri antologi cerpen melati | |
| 650 | 0 | 0 | |a Children's stories, Malay |
| 999 | |a 054435 |b BUKU |c PINJAMAN |e PERPUSTAKAAN KOMUNITI CAW KOTA DAMANSARA | ||
| 999 | |a 054436 |b BUKU |c PINJAMAN |e PERPUSTAKAAN KOMUNITI CAW KOTA DAMANSARA | ||